Non-Western encounters with democratization : imagining democracy after the Arab spring (Record no. 85829)

MARC details
000 -LEADER
fixed length control field 00959 a2200289 4500
003 - CONTROL NUMBER IDENTIFIER
control field CBULib
005 - DATE AND TIME OF LATEST TRANSACTION
control field 20250915073345.0
008 - FIXED-LENGTH DATA ELEMENTS--GENERAL INFORMATION
fixed length control field 241205b |||||||| |||| 00| 0 eng d
020 ## - INTERNATIONAL STANDARD BOOK NUMBER
International Standard Book Number 9781472439710
040 ## - CATALOGING SOURCE
Language of cataloging English
Transcribing agency CBULib
Description conventions rda
041 ## - LANGUAGE CODE
Language code of text/sound track or separate title eng
050 ## - LIBRARY OF CONGRESS CALL NUMBER
Classification number JQ 1850. A9 Non
100 ## - MAIN ENTRY--PERSONAL NAME
Personal name Lamont, Christopher K.
245 ## - TITLE STATEMENT
Title Non-Western encounters with democratization : imagining democracy after the Arab spring
Statement of responsibility, etc / edited by Christopher K. Lamont; Jan Van Der Harst and Frank Gaenssmantel
260 ## - PUBLICATION, DISTRIBUTION, ETC. (IMPRINT)
Name of publisher, distributor, etc Ashgate,
Date of publication, distribution, etc 2015
Place of publication, distribution, etc Surrey :
300 ## - PHYSICAL DESCRIPTION
Extent vi, 241 pages : illustrations
336 ## - CONTENT TYPE
Source rdacontent
Content type term Text |
Content type code txt
337 ## - MEDIA TYPE
Source rdamedia
Media type term Unmediated |
Media type code n
338 ## - CARRIER TYPE
Source rdacarrier
Carrier type term Volume
Carrier type code nc
650 #0 - SUBJECT ADDED ENTRY--TOPICAL TERM
9 (RLIN) 807
Topical term or geographic name as entry element POLITICAL SCIENCE
650 #0 - SUBJECT ADDED ENTRY--TOPICAL TERM
9 (RLIN) 4092
Topical term or geographic name as entry element DEMOCRATIZATION
650 #0 - SUBJECT ADDED ENTRY--TOPICAL TERM
9 (RLIN) 4862
Topical term or geographic name as entry element ARAB SPRING
650 #0 - SUBJECT ADDED ENTRY--TOPICAL TERM
9 (RLIN) 3933
Topical term or geographic name as entry element MIDDLE EAST
700 ## - ADDED ENTRY--PERSONAL NAME
9 (RLIN) 4099
Personal name Harst, Jan Van Der
700 ## - ADDED ENTRY--PERSONAL NAME
9 (RLIN) 4100
Personal name Gaenssmantel, Frank
942 ## - ADDED ENTRY ELEMENTS (KOHA)
Source of classification or shelving scheme
Koha item type MONOGRAPH
Holdings
Withdrawn status Lost status Source of classification or shelving scheme Damaged status Not for loan Collection code Permanent Location Current Location Shelving location Date acquired Source of acquisition Cost, normal purchase price Total Checkouts Full call number Barcode Date last seen Copy number Price effective from Koha item type
          CBU-Lusaka Campus CBU- LUSAKA CAMPUS CBU-MAIN LIBRARY, KITWE. General Stacks 12/05/2024 DON-BOOKAID 48.00   JQ 1850. A9 Non 753182 12/05/2024 1 12/05/2024 MONOGRAPH
          CBU-Lusaka Campus CBU- LUSAKA CAMPUS CBU-MAIN LIBRARY, KITWE. General Stacks 12/05/2024 DON-BOOKAID 48.00   JQ 1850. A9 Non 753183 12/05/2024 2 12/05/2024 MONOGRAPH
          Main Library Open Access Collection CBU-MAIN LIBRARY, KITWE. CBU-MAIN LIBRARY, KITWE. General Stacks 07/22/2025 DON-BOOKAID 48.00   JQ 1850. A9 Non 753559 07/22/2025 4 07/22/2025 MONOGRAPH
          Main Library Open Access Collection CBU-MAIN LIBRARY, KITWE. CBU-MAIN LIBRARY, KITWE. General Stacks 07/22/2025 DON-BOOKAID 48.00   JQ 1850. A9 Non 753558 07/22/2025 3 07/22/2025 MONOGRAPH